| 000 | 00000nam##2200000za#4500 |
| 001 | 9.579935 |
| 003 | CaOODSP |
| 005 | 20210624190810 |
| 007 | cr ||||||||||| |
| 008 | 150406|2002||||xxc|||||o f|0| 0 eng|d |
| 022 | |a1488-5387 |
| 040 | |aCaOODSP|beng |
| 043 | |an-cn--- |
| 086 | 1 |aFs97-4/2610E-PDF |
| 110 | 1 |aCanada. |bDepartment of Fisheries and Oceans. |
| 245 | 10|aPublications of Science Branch, Northwest Atlantic Fisheries Centre, St. John's, Newfoundland - 1985 to 2000 / |h[electronic resource]|cby L.W. Coady, M.A. Drover and F.T. Janes. |
| 260 | |aSt. John's - Newfoundland and Labrador : |bFisheries and Oceans Canada |c2002. |
| 300 | |a194p.|bfigs., references, tables |
| 490 | 1 |aCanadian manuscript report of fisheries and aquatic sciences|x1488-5387|vNo. 2610 |
| 500 | |aOn t. p. : Science, Oceans and Environment Branch, St.John's, NF. The catalogue number and ISSN for the print edition appear in the PDF version. |
| 546 | |a(Résumés en français) |
| 590 | |a14-13-Supp|b2014-06-23 |
| 720 | 1 |aCoady, L. W. |
| 720 | 1 |aDrover, M. A |
| 720 | 1 |aJanes, F. T. |
| 830 | #0|aCanadian manuscript report of fisheries and aquatic sciences,|x1488-5387|vNo. 2610|w(CaOODSP)9.505211 |
| 856 | 40|ahttp://publications.gc.ca|qPDF|s9177 KB|uhttps://publications.gc.ca/collections/collection_2014/mpo-dfo/Fs97-4-2610-eng.pdf|yNo. 2610 |